[Event "FSIM May"]
[Site "Budapest HUN"]
[Date "2004.05.10"]
[Round "10"]
[White "Chetverik,M"]
[Black "Berczes,C"]
[Result "1-0"]
[WhiteElo "2397"]
[BlackElo "2340"]

1.d4 Nf6 2.c4 e6 3.Nf3 Bb4+ 4.Bd2 Qe7 5.g3 Nc6 6.Nc3 Bxc3 7.Bxc3 Ne4 8.Rc1 O-O
9.Bg2 d6 10.O-O Nxc3 11.Rxc3 e5 12.d5 Nb8 13.Nd2 f5 14.c5 Na6 15.cxd6 cxd6
16.Qb3 b6 17.Rfc1 Bb7 18.Qa3 Rfd8 19.b4 Rd7 20.e4 fxe4 21.Bh3 Rc7 22.Be6+ Kh8
23.Nxe4 Rxc3 24.Qxc3 Re8 25.h4 h6 26.a3 Qd8 27.Qf3 Rf8 28.Qh5 Nc7 29.Ng5 Nxe6
30.Nxe6 Qe8 31.Qg4 Rf7 32.Qc4 Re7 33.Nc7 Qf7 34.a4 e4 35.Rc3 e3 36.fxe3 Qh5
37.e4 Qd1+ 38.Kg2 Qe1 39.Ne6 Rf7 40.Nf4 g5 41.hxg5 hxg5 42.Rc1 Qe3 43.Rh1+ Kg8
44.Qe2 Qxe2+ 45.Nxe2 Kg7 46.Nd4 Bc8 47.Rc1 Bg4 48.b5 Re7 49.Re1 Kf6 50.Nc6 Rh7
51.e5+ dxe5 52.Nxe5 Bh3+ 53.Kf2 Bf5 54.g4 Bc2 55.Nc6 Rh2+ 56.Kg3 Rd2 57.Re6+ Kf7
58.Re7+ Kf8 59.Rxa7 Rd3+ 60.Kf2 Rxd5 61.Nb4 Rc5 62.Nxc2 Rxc2+ 63.Ke3 Rc5
64.Kd4 Ke8 65.Rb7 Rc1 66.Rxb6 Ra1 67.Ra6 Rg1 68.Re6+ Kd7 69.Re4 Kd6 70.Kc4 Rc1+
71.Kd3 Ra1 72.Rb4 Kc5 73.Rc4+ Kd5 74.Rd4+ Kc5 75.Rc4+ Kd5 76.Rb4 Kc5 77.Rb3 Kb6
78.Ke4 Rxa4+ 79.Kf5 Ra8 80.Kxg5 Rg8+ 81.Kh5 Rh8+ 82.Kg6 Rg8+ 83.Kf5 Rf8+
84.Ke6 Rg8 85.Rg3 Rg5 86.Kf6 Rxb5 87.g5 Kc5 88.g6 Rb6+ 89.Ke5 Rb8 90.g7 Rg8
91.Ke6 Kd4 92.Kf7 Ra8 93.g8=Q Ra7+ 94.Kf6 Ra6+ 95.Qe6 Rc6 96.Rd3+ Kc5 97.Rc3+ Kd4
98.Rxc6  1-0

[Event "FSGM May"]
[Site "Budapest HUN"]
[Date "2004.05.11"]
[Round "11"]
[White "Jakobsen,O"]
[Black "Nagle,S"]
[Result "0-1"]
[WhiteElo "2391"]
[BlackElo "2375"]

1.d4 Nf6 2.c4 e6 3.Nf3 Bb4+ 4.Bd2 Qe7 5.g3 Bxd2+ 6.Nbxd2 d6 7.Bg2 O-O 8.O-O h6
9.e4 e5 10.Re1 a5 11.Nf1 Bg4 12.Ne3 Bxf3 13.Bxf3 Nc6 14.Nf5 Qe8 15.Qd2 Kh7
16.Bg2 Ng8 17.f4 Nge7 18.fxe5 dxe5 19.d5 Nxf5 20.exf5 Nd4 21.f6 gxf6 22.Re4 Rg8
23.Rae1 Qf8 24.Qd3 Kh8 25.Kh1 Re8 26.Bh3 c6 27.Rh4 Rg6 28.Bg2 cxd5 29.cxd5 Rd8
30.Qd2 b6 31.Rc1 Kg7 32.Rd1 Re8 33.Rxd4 exd4 34.Qxd4 Qd6 35.b3 Rg5 36.Kg1 h5
37.Bf3 h4 38.g4 h3 39.Qd2 Rge5 40.Kf1 R8e7 41.Rc1 Re8 42.Rd1 Re3 43.Qf2 Qf4
44.Bh1 Qxg4 45.Rd2 Re1+ 46.Qxe1 Rxe1+ 47.Kxe1 Qg1+ 48.Ke2 Qxh1 49.Ke3 Kf8
50.d6 Ke8 51.Kd3 Kd7 52.Kc2 f5  0-1

[Event "TCh-SCG"]
[Site "Petrovac SCG"]
[Date "2004.05.16"]
[Round "1"]
[White "Lekic,D"]
[Black "Markus,R"]
[Result "1/2-1/2"]
[WhiteElo "2389"]
[BlackElo "2532"]

1.d4 Nf6 2.c4 e6 3.Nf3 Bb4+ 4.Bd2 a5 5.g3 O-O 6.Bg2 d5 7.Qc2 c5 8.cxd5 cxd4
9.Nxd4 Qb6 10.e3 exd5 11.O-O Nc6 12.Nxc6 bxc6 13.Nc3 Bg4 14.Rac1 Rfc8 15.a3 Bd6
16.h3 Bh5 17.Na4 Qb5 18.Nc5 Bg6 19.Qc3 Re8 20.b4 axb4 21.Qxb4 Bd3 22.Rfe1 Bc4
23.Qxb5 cxb5 24.Bb4 Rec8 25.Nb7 Bxb4 26.axb4 Ra4 27.Rb1 Ra2  1/2-1/2

[Event "29th Elekes Mem IM"]
[Site "Budapest HUN"]
[Date "2004.05.19"]
[Round "5"]
[White "Petran,Pa"]
[Black "Klimm,W"]
[Result "1/2-1/2"]
[WhiteElo "2386"]
[BlackElo "2278"]

1.d4 Nf6 2.c4 e6 3.Nf3 Bb4+ 4.Bd2 a5 5.g3 b6 6.Bg2 Bb7 7.O-O O-O 8.Bf4 Be7
9.Nc3 d5 10.Ne5 c6 11.Rc1 Nbd7 12.cxd5 Nxe5 13.Bxe5 exd5 14.e4 dxe4 15.Nxe4 Nd5
16.Nc3 Nxc3 17.Rxc3 Bb4 18.Rc1 Ba6 19.Bxc6 Ra7 20.d5 Bxf1 21.Kxf1 Re7 22.Qd4 Bc5
23.Qf4 f6 24.Bc3 g5 25.Qf5 Qd6 26.h4 gxh4 27.Qg4+ Kh8 28.Qxh4 Bb4 29.Bd4 Bc5
30.Bxc5 bxc5 31.Qc4 Qe5 32.Qxc5 Rg8 33.Qc3 Qe2+ 34.Kg1 Re5 35.d6 Rf5 36.Qe1 Qxb2
37.Rd1 Re5 38.Qd2 Qxd2 39.Rxd2 Rd8 40.d7 Rc5 41.Ba4 Kg7 42.Re2 Re5 43.Rc2 Kf8
44.Kg2 Ke7 45.f4 Re4 46.Bb5 a4 47.a3 Re3 48.Bxa4 Rxa3 49.Re2+ Kd6 50.Rd2+ Ke7
51.Re2+ Kd6  1/2-1/2

[Event "TCh-NED"]
[Site "Enschede NED"]
[Date "2004.05.20"]
[Round "1"]
[White "Hoffmann,Mi1"]
[Black "Winants,L"]
[Result "1/2-1/2"]
[WhiteElo "2444"]
[BlackElo "2497"]

1.d4 Nf6 2.c4 e6 3.Nf3 Bb4+ 4.Bd2 a5 5.g3 d6 6.Bg2 Nbd7 7.O-O e5 8.Nc3 c6
9.Qc2 O-O 10.Rad1 Bxc3 11.Bxc3 e4 12.Ne1 d5 13.b3 b5 14.f3 Re8 15.fxe4 Nxe4
16.Nd3 bxc4 17.bxc4 Ba6 18.cxd5 cxd5 19.Ne5 Nxe5 20.dxe5 Qc7 21.Bxe4 dxe4
22.Qd2 Bxe2 23.Qxe2 Qxc3 24.Rd7 Re7 25.Qxe4 Rae8 26.Qd5 Qe3+ 27.Kg2 Rxd7
28.Qxd7 Qe4+ 29.Kh3 Rf8 30.Qb5 Ra8 31.Qd7 Qc4 32.Rd1 h5 33.Qd5 Qg4+ 34.Kg2 Rc8
35.Rf1 Qg6 36.Rf2 a4 37.Qb7 Qe6 38.Rxf7 Rc2+ 39.Rf2 Rxf2+ 40.Kxf2 Qxa2+ 41.Kg1 a3
42.Qc8+ Kh7 43.Qf5+ g6 44.Qf6 Qb1+ 45.Kg2 Qe4+ 46.Kg1 Qd4+ 47.Kg2 Qd5+ 48.Kh3 a2
49.e6 a1=Q 50.Qxa1 Qxe6+  1/2-1/2

[Event "Summer II"]
[Site "Alushta UKR"]
[Date "2004.05.22"]
[Round "1"]
[White "Tishin,D"]
[Black "Kuzubov,Y"]
[Result "1/2-1/2"]
[WhiteElo "2372"]
[BlackElo "2475"]

1.d4 Nf6 2.c4 e6 3.Nf3 Bb4+ 4.Bd2 c5 5.e3 b6 6.Be2 O-O 7.O-O Bb7 8.Bxb4 cxb4
9.Nbd2 a5 10.a3 Na6 11.a4 d6 12.b3 Qe7 13.Qc2 Rac8 14.Qb2 Rfe8 15.h3 Nb8
16.Rae1 Nbd7 17.Qb1 e5 18.Nh2 h5 19.Qd1 g6 20.Bd3 d5 21.Qa1 Qd6 22.dxe5 Nxe5
23.Be2 Ne4 24.Nxe4 dxe4 25.Rd1 Qc7 26.Rd4 Nd7 27.Qd1 Nc5 28.Qc2 Ne6 29.Rd2 Rcd8
30.Rfd1 Rxd2 31.Rxd2 Rd8 32.Rxd8+ Qxd8 33.Qb2 Nc5 34.Nf1 h4 35.Nd2 Qd6 36.Nf1 Kh7
37.Nd2 Qd8 38.Kf1 Qh8 39.Qd4 Qxd4 40.exd4 Ne6 41.d5 Nc5 42.Bd1 f5 43.Bc2 Kh6
44.Ke2 Kg5 45.Ke3 Bc8 46.Bb1 Kf6 47.Kd4 Bd7 48.Bc2 g5 49.f3 exf3 50.Nxf3 f4
51.Ne5 Bf5 52.Bd1 Be4 53.Nd7+ Nxd7 54.Kxe4 Nc5+ 55.Kf3 Nd3 56.Be2 Ne1+ 57.Kf2 Nc2
58.Bd1 Nd4 59.Ke1 Ke5 60.Kf2 Kf5 61.Bg4+ Kf6 62.Bd1 Ke5 63.Ke1 Nf5 64.Kf2 Nd6
65.Ke2 Kd4 66.Bc2 Kc3 67.Bd1 Nb7 68.Ke1 Kd3 69.Be2+ Ke3 70.Bg4 Nd6 71.Be2 Kd4
72.Bd1 Kd3 73.Be2+ Kc3 74.Bd1 Nf7 75.Bh5 Ne5 76.Bd1 Kd3 77.Be2+ Ke3 78.d6 Kd4
79.Bg4 Kc3 80.d7 Nf7 81.Bh5 Nd8 82.Bd1 Kd3 83.Be2+ Kd4 84.Kd2 Ke4 85.Bg4 Nf7  1/2-1/2

[Event "57th ch-RUS Qualifier"]
[Site "Tomsk RUS"]
[Date "2004.05.27"]
[Round "5"]
[White "Vorobiov,E"]
[Black "Maletin,P"]
[Result "0-1"]
[WhiteElo "2552"]
[BlackElo "2423"]

1.d4 Nf6 2.c4 e6 3.Nf3 Bb4+ 4.Bd2 Qe7 5.g3 Nc6 6.Bg2 Bxd2+ 7.Nbxd2 d6 8.O-O a5
9.e4 e5 10.d5 Nb8 11.c5 O-O 12.cxd6 cxd6 13.Qc2 Na6 14.Rfc1 Bd7 15.Ne1 Rfc8
16.Qb3 Nc5 17.Qe3 b6 18.b3 Qd8 19.a3 b5 20.Rc2 Qb6 21.Rac1 Ng4 22.Qf3 a4
23.bxa4 Rxa4 24.Rc3 Rca8 25.Nd3 Nxd3 26.Rxd3 Rd4 27.Rxd4 exd4 28.Bf1 d3 29.Rc3 Ne5
30.Qd1 b4 31.axb4 Ra2 32.Kg2 Ng4 33.Qe1 Ra1 34.Nc4 Qa7 35.Qd2 Ra2 36.Nb2 Qd4
37.Bxd3 Nxf2 38.Qc2 g6 39.e5 Nxd3  0-1

[Event "Summer II"]
[Site "Alushta UKR"]
[Date "2004.05.28"]
[Round "9"]
[White "Shtyrenkov,V"]
[Black "Kulicov,O"]
[Result "0-1"]
[WhiteElo "2449"]
[BlackElo "2422"]

1.d4 Nf6 2.Nf3 e6 3.c4 Bb4+ 4.Bd2 Qe7 5.g3 Nc6 6.Nc3 O-O 7.Bg2 Bxc3 8.Bxc3 Ne4
9.Rc1 d6 10.d5 Nd8 11.dxe6 Nxe6 12.Bb4 a5 13.Ba3 a4 14.O-O N6c5 15.Ne1 c6
16.Nd3 f5 17.e3 Be6 18.Nf4 Bf7 19.Re1 Rfd8 20.f3 Nf6 21.Qc2 g6 22.Bb4 Nfd7
23.h4 Ne5 24.b3 h6 25.Rcd1 axb3 26.axb3 b5 27.Bxc5 dxc5 28.Rxd8+ Rxd8 29.e4 g5
30.hxg5 hxg5 31.Nh3 bxc4 32.bxc4 Nxc4 33.Qc1 Nd2 34.Nf2 Qe5 35.Rd1 Qd4 36.Rxd2 Qxd2
37.Qxc5 fxe4 38.fxe4 Rb8 39.Qxc6 Rb1+ 40.Bf1 Qe2 41.Qc8+ Kg7 42.Qh3 Be6  0-1

[Event "TCh-BIH"]
[Site "Neum BIH"]
[Date "2004.05.29"]
[Round "1"]
[White "Lekic,D"]
[Black "Nisipeanu,LD"]
[Result "0-1"]
[WhiteElo "2389"]
[BlackElo "2692"]

1.d4 Nf6 2.c4 e6 3.Nf3 Bb4+ 4.Bd2 c5 5.Bxb4 cxb4 6.g3 O-O 7.Bg2 d6 8.O-O Re8
9.a3 Nc6 10.Ne1 bxa3 11.Nxa3 a6 12.e3 e5 13.d5 Nb4 14.e4 Qb6 15.Nac2 Nxc2
16.Qxc2 Bd7 17.Qc3 Rac8 18.b3 h5 19.Nd3 h4 20.Rfc1 Ng4 21.h3 Nf6 22.g4 Nh7
23.Qb4 Qxb4 24.Nxb4 g6 25.Rc3 f5 26.f3 Ng5 27.Nd3 Rf8 28.Rac1 fxe4 29.fxe4 Nf3+
30.Bxf3 Rxf3 31.Nf2 Rxc3 32.Rxc3 a5 33.Nd3 Kf8 34.Rc1 b6 35.Kf2 Ke7 36.Ne1 b5
37.Nd3 bxc4 38.bxc4 Rb8 39.Rc3 a4 40.c5 dxc5 41.Rxc5 Bb5 42.Rc3 Bxd3 43.Rxd3 Ra8
44.Ra3 Kd6 45.Ke3 Kc5 46.Kd3 Kb4 47.Ra1 a3 48.Kc2 Rc8+ 49.Kb1 Kb3  0-1

[Event "57th ch-RUS Qualifier"]
[Site "Tomsk RUS"]
[Date "2004.05.29"]
[Round "7"]
[White "Kosyrev,V"]
[Black "Maletin,P"]
[Result "1-0"]
[WhiteElo "2529"]
[BlackElo "2423"]

1.d4 Nf6 2.c4 e6 3.Nf3 Bb4+ 4.Bd2 Qe7 5.g3 Nc6 6.Nc3 Bxc3 7.Bxc3 Ne4 8.Rc1 O-O
9.Bg2 d6 10.O-O e5 11.d5 Nxc3 12.Rxc3 Nb8 13.b4 a5 14.Ra3 b6 15.bxa5 bxa5
16.Qd2 a4 17.Qc2 Bd7 18.c5 dxc5 19.Re3 e4 20.Rxe4 Qd6 21.Rh4 h6 22.Ng5 f5
23.Ne6 Bxe6 24.dxe6 c6 25.Rxa4 Rxa4 26.Qxa4 Qxe6 27.e3 Rd8 28.Qa5 Qe7 29.Rc1 Qf6
30.Qxc5 Kh7 31.a4 Rd2 32.Rb1  1-0

[Event "XII Guillermo Garcia Prem I"]
[Site "Santa Clara CUB"]
[Date "2004.06.02"]
[Round "12"]
[White "Borges Mateos,J"]
[Black "Lafuente,P"]
[Result "1/2-1/2"]
[WhiteElo "2426"]
[BlackElo "2433"]

1.d4 Nf6 2.c4 e6 3.Nf3 Bb4+ 4.Bd2 c5 5.Bxb4 cxb4 6.g3 b6 7.Bg2 Bb7 8.O-O O-O
9.Nbd2 d6 10.a3 bxa3 11.Rxa3 a5 12.b4 Nc6 13.bxa5 Nxa5 14.Qb1 Qc7 15.Rc1 Rfc8
16.e4 e5 17.Rac3 Rab8  1/2-1/2

[Event "8th Open"]
[Site "Voronezh RUS"]
[Date "2004.06.16"]
[Round "5"]
[White "Bobrov,I"]
[Black "Rodin,D"]
[Result "1-0"]
[WhiteElo "2318"]
[BlackElo "2452"]

1.d4 Nf6 2.c4 e6 3.Nf3 Bb4+ 4.Bd2 a5 5.g3 b6 6.Bg2 Bb7 7.Nc3 O-O 8.O-O d6
9.Qc2 Nbd7 10.Rfe1 c5 11.e4 cxd4 12.Nxd4 Rc8 13.b3 Bc5 14.Ndb5 Ng4 15.Re2 Qf6
16.Rf1 Nde5 17.h3 Nf3+ 18.Kh1 Nge5 19.Be3 Rfd8 20.Rd1 h5 21.Nd4 h4 22.Nxf3 Nxf3
23.g4 g5 24.Qd3 Ne5 25.Qd2 Bxe3 26.Qxe3 Qf4 27.Qxf4 gxf4 28.f3 Kf8 29.Red2 Ke7
30.Ne2 Ng6 31.Nc3 Bc6 32.a4 Be8 33.Kg1 Rc5 34.Kf2 Bc6 35.Bf1 Ne5 36.Bd3 Be8
37.Bb1 Ng6 38.Ne2 Bc6 39.Nc3 Rg5 40.Ne2 Rc5 41.Nc3 Rd7 42.Bc2 Rd8 43.Ne2 Be8
44.Bb1 Rc7 45.Bc2 Bc6 46.Bb1 Rcd7 47.Bc2 Kf6 48.Nd4 Bb7 49.Nb5 Ke5 50.Bb1 Ne7
51.Re1 Nc6 52.g5  1-0

[Event "National Open"]
[Site "Las Vegas USA"]
[Date "2004.06.18"]
[Round "1"]
[White "Karagianis,P"]
[Black "Anka,E"]
[Result "1-0"]
[WhiteElo "2098"]
[BlackElo "2422"]

1.d4 Nf6 2.Nf3 e6 3.c4 Bb4+ 4.Bd2 Qe7 5.g3 Nc6 6.Bg2 Bxd2+ 7.Nbxd2 d6 8.O-O e5
9.d5 Nb8 10.e4 a5 11.c5 dxc5 12.Nc4 O-O 13.Ncxe5 Nxe4 14.Re1 f5 15.Nd3 c4
16.Nf4 g5 17.Ne6 Bxe6 18.dxe6 Nc6 19.Qd5 Rae8 20.Nd4 Nxd4 21.Qxd4 Nd6 22.Bd5 Rd8
23.Qc5 b6 24.Qc6 f4 25.Re5 Kh8 26.Rae1 b5 27.Qc5 Kg8 28.Rxg5+ Qxg5 29.e7+ Kh8
30.exd8=Q Qxd8 31.Re8  1-0

[Event "National Open"]
[Site "Las Vegas USA"]
[Date "2004.06.20"]
[Round "5"]
[White "Fridman,D2"]
[Black "Yermolinsky,A"]
[Result "1/2-1/2"]
[WhiteElo "2594"]
[BlackElo "2555"]

1.d4 Nf6 2.c4 e6 3.Nf3 Bb4+ 4.Bd2 c5 5.Bxb4 cxb4 6.Nbd2 O-O 7.e3 b6 8.Bd3 Bb7
9.O-O d6 10.Ne1 Nbd7 11.Nc2 a5 12.a3 bxa3 13.Nxa3 d5  1/2-1/2

[Event "XVIII Open"]
[Site "Pula CRO"]
[Date "2004.06.21"]
[Round "2"]
[White "Medic,Milj"]
[Black "Kurajica,B"]
[Result "0-1"]
[WhiteElo "2288"]
[BlackElo "2540"]

1.d4 Nf6 2.c4 e6 3.Nf3 Bb4+ 4.Bd2 a5 5.g3 b6 6.Bg2 Bb7 7.O-O O-O 8.Bg5 Be7
9.Nc3 d5 10.cxd5 exd5 11.Ne5 Na6 12.Rc1 c5 13.dxc5 Nxc5 14.Bxf6 Bxf6 15.Ng4 Bxc3
16.Rxc3 Ra7 17.Rc2 d4 18.Bxb7 Rxb7 19.Ne5 Qd5 20.Nd3 Re8 21.Nc1 b5 22.Rd2 Rd7
23.Nb3 Ne6 24.h4 Rc8 25.Re1 a4 26.Nc1 Rdc7 27.e4 Qc4 28.Nd3 g6  0-1

[Event "TCh-CRO"]
[Site "Rabac CRO"]
[Date "2004.06.27"]
[Round "9"]
[White "Juric,G"]
[Black "Zelcic,R"]
[Result "1-0"]
[WhiteElo "2298"]
[BlackElo "2509"]

1.d4 Nf6 2.c4 e6 3.Nf3 Bb4+ 4.Bd2 a5 5.e3 d6 6.Bd3 O-O 7.O-O Re8 8.Nc3 e5
9.dxe5 dxe5 10.Qc2 Bg4 11.a3 Bf8 12.Ne4 Bxf3 13.gxf3 Nbd7 14.Kh1 Ra6 15.Rg1 g6
16.Bc3 Nc5 17.Nxc5 Bxc5 18.Rad1 Qe7 19.Be4 c6 20.Qd2 a4 21.Bc2 Qe6 22.Rg5 Qh3
23.Qe2 Raa8 24.Rxe5 Nh5 25.Bf5 gxf5 26.Rg1+ Kf8 27.Rxc5 Re6 28.Bb4 Ke8 29.Rg8+ Kd7
30.Rxa8 Rg6 31.Qd1+ Ke6 32.Rxc6+  1-0

[Event "2nd Infineon IM"]
[Site "Budapest HUN"]
[Date "2004.07.02"]
[Round "8"]
[White "Petran,Pa"]
[Black "Bindrich,F"]
[Result "1-0"]
[WhiteElo "2386"]
[BlackElo "2253"]

1.d4 Nf6 2.Nf3 e6 3.c4 Bb4+ 4.Bd2 Qe7 5.g3 Nc6 6.Bg2 Bxd2+ 7.Nbxd2 O-O 8.O-O d6
9.e4 e5 10.d5 Nb8 11.Ne1 a5 12.Nd3 Na6 13.a3 Bd7 14.b4 axb4 15.axb4 b5 16.Qc2 c5
17.bxc5 Nxc5 18.Nxc5 dxc5 19.cxb5 Bxb5 20.Rfb1 Rxa1 21.Rxa1 Ne8 22.Bf1 Bxf1
23.Nxf1 Nf6 24.Ne3 g6 25.Nc4 Rc8 26.f3 Ne8 27.Ra6 Qb7 28.Rb6 Qa7 29.Qb2 Qa4
30.Nxe5 c4 31.Nc6 Ra8 32.Rb7 Qa1+ 33.Qxa1 Rxa1+ 34.Kf2 c3 35.Nd4 c2 36.Nxc2 Ra2
37.Rb8 Rxc2+ 38.Ke3 Kf8 39.d6 Rc3+ 40.Kd4 Rc2 41.Rd8 Rxh2 42.d7 Rd2+ 43.Ke3 Rxd7
44.Rxd7 Nf6 45.Rb7 h6 46.g4 Kg8 47.Kf4 Nh7 48.Ke5 Kg7 49.Kd4 Ng5 50.f4 Ne6+
51.Ke3 Kf6 52.e5+ Kg7 53.f5 Ng5 54.e6 Kf8 55.e7+ Ke8 56.f6  1-0

[Event "Nova Open"]
[Site "Haarlem NED"]
[Date "2004.07.04"]
[Round "6"]
[White "Ikonnikov,Vy"]
[Black "Alienkin,A"]
[Result "1-0"]
[WhiteElo "2556"]
[BlackElo "2393"]

1.d4 Nf6 2.Nf3 e6 3.c4 Bb4+ 4.Bd2 a5 5.a3 Bxd2+ 6.Qxd2 a4 7.Nc3 d6 8.Qc2 Bd7
9.e3 Qe7 10.Bd3 Bc6 11.O-O O-O 12.e4 h6 13.Rfe1 e5 14.Nd5 Bxd5 15.exd5 Nbd7
16.Re2 Nh5 17.Bf5 Nhf6 18.Rae1 Rfe8 19.Kh1 g6 20.Bxd7 Nxd7 21.dxe5 Nxe5 22.Nxe5 dxe5
23.f4 Qc5 24.fxe5 b5 25.Qd2 bxc4 26.e6 g5 27.h4 f6 28.Qc2 Kg7 29.h5 Kh8 30.Qg6 Qf8
31.Rf1 Qg7 32.Rxf6 Qxg6 33.Rxg6 Kh7 34.Rf2 Rf8 35.Rff6 Rxf6 36.Rxf6 Rg8 37.Rf7+ Rg7
38.e7 Rxf7 39.e8=Q  1-0

[Event "54th ch-RUS w"]
[Site "Kazan RUS"]
[Date "2004.07.06"]
[Round "7"]
[White "Shumiakina,T"]
[Black "Kovalevskaya,E"]
[Result "0-1"]
[WhiteElo "2337"]
[BlackElo "2467"]

1.d4 Nf6 2.c4 e6 3.Nf3 Bb4+ 4.Bd2 a5 5.g3 O-O 6.Bg2 b6 7.O-O Ba6 8.b3 d5
9.Qc2 Be7 10.Bf4 c5 11.Rd1 Nc6 12.Nc3 Rc8 13.dxc5 bxc5 14.cxd5 exd5 15.Bh3 d4
16.Bxc8 Qxc8 17.Na4 Nb4 18.Qb2 Nfd5 19.Rac1 Nxf4 20.gxf4 d3 21.Ne5 dxe2 22.Rd7 Bf6
23.Nb6 Qc6 24.Qxe2 Qxb6 25.Qe3 Bxe5 26.fxe5 Qg6+ 27.Qg3 Qe4 28.Qe3 Qg4+  0-1

[Event "TCh-GRE"]
[Site "Aghia Pelagia GRE"]
[Date "2004.07.07"]
[Round "4"]
[White "Banikas,H"]
[Black "Skalkotas,N"]
[Result "1-0"]
[WhiteElo "2519"]
[BlackElo "2294"]

1.d4 Nf6 2.c4 e6 3.Nf3 Bb4+ 4.Bd2 c5 5.Bxb4 cxb4 6.g3 b6 7.Bg2 Bb7 8.a3 bxa3
9.Rxa3 O-O 10.O-O d6 11.Nc3 Nbd7 12.Re1 Ne4 13.Qa1 Nxc3 14.Rxc3 a5 15.e4 e5
16.Qa3 Qc7 17.Bh3 Rae8 18.Bxd7 Qxd7 19.dxe5 dxe5 20.c5 b5 21.Rd3 Qc7 22.Rd6 b4
23.Qe3 Bc6 24.Nh4 Re6 25.Nf5 g6 26.Nh6+ Kh8 27.Rxe6 fxe6 28.Ng4 a4 29.Qg5 a3
30.bxa3 bxa3 31.Qxe5+ Qxe5 32.Nxe5 Bb5 33.Ra1 Rc8 34.Rxa3 Rxc5 35.Ra8+ Kg7
36.Ra7+ Kf8 37.f4 Rc1+ 38.Kg2 Rc2+ 39.Kh3 Be8 40.Rxh7 Re2 41.Kg4  1-0

[Event "TCh-GRE"]
[Site "Aghia Pelagia GRE"]
[Date "2004.07.07"]
[Round "5"]
[White "Skembris,S"]
[Black "Pandavos,P"]
[Result "1/2-1/2"]
[WhiteElo "2434"]
[BlackElo "2326"]

1.d4 Nf6 2.Nf3 e6 3.c4 Bb4+ 4.Bd2 Qe7 5.Nc3 O-O 6.g3 b6 7.Bg2 Bb7 8.O-O d6
9.Rc1 Bxc3 10.Bxc3 Ne4 11.Bb4 c5 12.Bd2 Nd7 13.Be3 f5 14.Ng5 Ndf6 15.Nxe4 Bxe4
16.f3 Bc6 17.Qd2 e5  1/2-1/2

[Event "FSGM July"]
[Site "Budapest HUN"]
[Date "2004.07.09"]
[Round "7"]
[White "Paschall,W"]
[Black "Ilincic,Z"]
[Result "0-1"]
[WhiteElo "2381"]
[BlackElo "2538"]

1.d4 Nf6 2.c4 e6 3.Nf3 Bb4+ 4.Bd2 c5 5.Bxb4 cxb4 6.g3 O-O 7.Bg2 d6 8.Nbd2 Nc6
9.Nf1 Bd7 10.Ne3 Ne7 11.a3 bxa3 12.Rxa3 b5 13.cxb5 Bxb5 14.O-O Qb6 15.Re1 Rfc8
16.Qb3 a5 17.Rea1 h6 18.Qd1 Ra7 19.Qe1 Nc6 20.Rc1 Rac7 21.Rd1 Nb4 22.Rda1 Nc2
23.Nxc2 Rxc2 24.e3 Rxb2 25.Qxa5 Qxa5 26.Rxa5 Rcc2 27.Ne1 Rxf2 28.Rxb5 Rxg2+
29.Nxg2 Rxb5 30.h3 Ne4 31.g4 g5 32.Ra2 Rb1+ 33.Kh2 Rf1 34.Re2 Rd1 35.Rc2 Kg7
36.Re2 Kg6 37.Ra2 h5 38.gxh5+ Kxh5 39.Ra8 Kg6 40.Ra2 Kf5 41.Ra5+ d5 42.Ra7 f6
43.Ra2 Nd2 44.Kg3 Ne4+ 45.Kh2 Rf1 46.Re2 Nc3 47.Rc2 Nd1 48.Kg3 Ke4 49.Rc6 Rf3+
50.Kh2 Kf5  0-1

[Event "TCh-EY"]
[Site "Obrenovac SCG"]
[Date "2004.07.10"]
[Round "1"]
[White "Cifka,S"]
[Black "Bindrich,F"]
[Result "1-0"]
[WhiteElo "2302"]
[BlackElo "2277"]

1.d4 Nf6 2.c4 e6 3.Nf3 Bb4+ 4.Bd2 Qe7 5.g3 Nc6 6.Bg2 Bxd2+ 7.Nbxd2 d6 8.O-O O-O
9.e4 e5 10.d5 Nb8 11.Ne1 a5 12.Nb1 Na6 13.Nc3 c6 14.Nd3 cxd5 15.cxd5 Bd7
16.a4 Nb4 17.Nb5 Bxb5 18.axb5 Nxd3 19.Qxd3 Nd7 20.Qa3 a4 21.b4 axb3 22.Qxa8 Rxa8
23.Rxa8+ Nf8 24.Rb1 Qc7 25.Rxb3 Qc4 26.Rba3 g6 27.R3a7 Qc7 28.Bh3 Qc1+ 29.Bf1 Qc7
30.Bh3 Qc1+ 31.Kg2 Qb1 32.Rxb7 Qxe4+ 33.Kg1 Qxd5 34.Rbb8 Kg7 35.Rxf8 Qxb5
36.Bf1 Qb4 37.Rg8+ Kh6 38.Raf8 e4 39.Rxf7 e3 40.fxe3 Qb3 41.Rgf8 Qxe3+ 42.Rf2 d5
43.Rf3 Qc5 44.Rd3 Kg7 45.Kg2 Qc6 46.Rfd2 d4+ 47.Kg1 Qe4 48.Rd1 h5 49.Bg2 Qe2
50.Rxd4 h4 51.gxh4 Kh6 52.Kh1 Qf2 53.Re4 Qf6 54.Rf1 Qd8 55.Rg4 Qd7 56.h3 Qd6
57.Be4 Qa3 58.Rf3 Qe7 59.Rxg6+ Kh5 60.Rg4 Kh6 61.Kg2 Kh5 62.Rf5+ Kh6  1-0

[Event "15th Open"]
[Site "Ljubjana SLO"]
[Date "2004.07.13"]
[Round "5"]
[White "Jovanic,O"]
[Black "Kurajica,B"]
[Result "1/2-1/2"]
[WhiteElo "2440"]
[BlackElo "2540"]

1.d4 Nf6 2.c4 e6 3.Nf3 Bb4+ 4.Bd2 a5 5.g3 d5 6.Bg2 dxc4 7.O-O b5 8.Nc3 c6
9.a4 Qb6 10.Qc2 Be7 11.e4 Na6 12.Be3 Nb4 13.Qe2 Ng4 14.Bg5 Bxg5 15.Nxg5 e5
16.dxe5 Nxe5 17.axb5 Bg4 18.Qd2 cxb5 19.Nd5 Qd8 20.Qd4 f6 21.h3 Bc8 22.f4 Nf7
23.Qc5 Nxd5 24.exd5 Qd6 25.Qxb5+ Bd7 26.Rfe1+ Kf8 27.Ne6+ Kg8 28.Qxc4 h5
29.h4 Kh7 30.Qd3+ Kh6 31.Kh2 Qb4 32.Rac1 Rac8 33.Qd4 Qxd4 34.Nxd4 Nd6 35.Nc6 a4
36.Re7 Bf5 37.Ra7 Rhe8 38.Rxa4 Re2 39.Kg1 Rxb2 40.Rca1 Re8 41.R4a2 Rb3 42.Ra3 Ree3
43.Rxb3 Rxb3 44.Ne7 Rxg3 45.Kh2 Re3 46.Ra6 Rxe7 47.Rxd6 Re2 48.Kg3 Rd2 49.Rb6 Rd3+
50.Kf2 Rd2+ 51.Kg3 Rd3+ 52.Kf2 Kg6 53.Rb2 Kf7 54.Ke2 Rg3 55.Bf3 Bg4 56.Rb7+ Kg6
57.Bxg4 Rxg4 58.Ke3 Kf5 59.d6 Ke6 60.d7 Ke7 61.Ke4 g5 62.hxg5 fxg5 63.Kf5 gxf4
64.Ke4  1/2-1/2

[Event "ACT Open"]
[Site "Amsterdam NED"]
[Date "2004.07.18"]
[Round "2"]
[White "Van Beek,L"]
[Black "Lobron,E"]
[Result "1/2-1/2"]
[WhiteElo "2321"]
[BlackElo "2493"]

1.d4 Nf6 2.c4 e6 3.Nf3 Bb4+ 4.Bd2 c5 5.a3 Bxd2+ 6.Qxd2 cxd4 7.Nxd4 Nc6 8.Nc3 O-O
9.e3 Nxd4 10.Qxd4 b6 11.Be2 Ba6 12.e4 d6 13.Rd1 Qc8 14.O-O Rd8 15.b4 Qc7
16.Rc1 Rac8 17.Qe3 Qb8 18.Nb5 Bxb5 19.cxb5 Qb7 20.Bf3 Qd7 21.e5 Rxc1 22.Rxc1 Nd5
23.Bxd5 exd5 24.exd6 Qxd6 25.Rc6 Qd7 26.Qd4 Rc8 27.Qc3 Re8 28.h3 d4 29.Qd3 g6
30.a4 Qd5 31.Rc1 Re4 32.a5 Qe5 33.Kf1 h5 34.axb6 axb6 35.g3 h4 36.g4 Qf4
37.Rc8+ Kg7 38.Kg2 Re6 39.Rd8 Rd6 40.Re8 Rf6 41.Re2 Qd6 42.Qc4 Qd8 43.Rd2 Rd6
44.Rd3 Qa8+ 45.Kh2 Qe4 46.Kg1 g5 47.Rd1 Qf3 48.Rxd4 Re6 49.Qf1 Qc3 50.Qd3 Qxd3
51.Rxd3 Re5 52.Rd4 Rxb5 53.f4 gxf4  1/2-1/2

[Event "VII Magistral"]
[Site "Vicente Lopez ARG"]
[Date "2004.07.18"]
[Round "9"]
[White "Szmetan,R"]
[Black "Slipak,S"]
[Result "1/2-1/2"]
[WhiteElo "2250"]
[BlackElo "2502"]

1.Nf3 Nf6 2.c4 e6 3.d4 Bb4+ 4.Bd2 Qe7 5.Nc3 O-O 6.e3 b6 7.Qc2 Bb7 8.Bd3 c5
9.a3 Ba5 10.O-O-O d5 11.cxd5 exd5 12.Ne5 Nc6 13.Nxc6 Bxc6 14.Kb1 c4 15.Bf5 g6
16.Bh3 b5 17.f3 Bxc3 18.Qxc3 a5 19.b4 cxb3 20.Qxb3 b4 21.Rc1 Bb5 22.a4 Bc4
23.Rxc4 dxc4 24.Qxc4 Qe8 25.Qb3 Nd7 26.Bxd7 Qxd7 27.Bc1 Rfe8 28.d5 f5 29.Bb2 Red8  1/2-1/2

[Event "Open"]
[Site "Balatonlelle HUN"]
[Date "2004.07.21"]
[Round "3"]
[White "Farago,I"]
[Black "Jakab,A"]
[Result "1/2-1/2"]
[WhiteElo "2472"]
[BlackElo "2350"]

1.d4 Nf6 2.c4 e6 3.Nf3 Bb4+ 4.Bd2 Qe7 5.g3 Nc6 6.Nc3 Bxc3 7.Bxc3 Ne4 8.Rc1 Nxc3
9.Rxc3 d6 10.d5 Nb8 11.dxe6 fxe6 12.Bg2 O-O 13.O-O a5 14.Ne1 Na6 15.a3 c6
16.Nd3 Bd7 17.b4 axb4 18.axb4 e5 19.b5 Nc7 20.Nb4 cxb5 21.Bxb7 Rab8 22.Bg2 Kh8
23.Qd2 bxc4 24.Rxc4 Bb5 25.Rc2 Ne6 26.Nc6 Bxc6 27.Rxc6 Rbd8 28.e3 d5 29.Qa2 Ng5
30.h4 Nf3+ 31.Bxf3 Rxf3 32.Rd1 Rdf8 33.Rxd5 Rxf2 34.Qxf2 Rxf2 35.Kxf2 h6
36.Rcc5 Qf6+ 37.Kg2 e4  1/2-1/2

[Event "XIII Open"]
[Site "Castellar del Valles ESP"]
[Date "2004.07.21"]
[Round "8"]
[White "Gomez Jurado,L"]
[Black "Vehi Bach,V"]
[Result "1/2-1/2"]
[WhiteElo "2275"]
[BlackElo "2379"]

1.d4 Nf6 2.Nf3 e6 3.c4 Bb4+ 4.Bd2 Qe7 5.g3 Nc6 6.Bg2 Bxd2+ 7.Nbxd2 d6 8.Nf1 O-O
9.Ne3 e5 10.Nd5 Nxd5 11.cxd5 Nb8 12.dxe5 dxe5 13.O-O Rd8 14.Qb3 c6 15.e4 Bg4
16.Nd2 Be2 17.Rfe1 Ba6 18.Bf1 Bxf1 19.Nxf1 cxd5 20.exd5 Na6 21.Rac1 b6 22.Ne3 Qb4
23.Qd3 Nc5 24.Qb1 Qb5 25.b4 Nd7 26.Rc7 Nf6 27.Rd1 Rd7 28.d6 e4 29.Qb3 Rad8
30.Nd5 Ne8 31.Ne7+ Kf8 32.Rd5 Qe2 33.Nc6 e3 34.Qxe3 Qxe3 35.fxe3 Rxd6 36.Rxf7+ Kg8
37.Rdf5 Rd1+ 38.Kg2 R8d2+ 39.Rf2 Nf6 40.Rxa7 h5 41.Rxd2 Rxd2+ 42.Kf3 Rxh2
43.a4 g5 44.a5 bxa5 45.bxa5 Rc2 46.Nd4 Ra2 47.a6 h4 48.Ra8+ Kf7 49.gxh4 gxh4
50.a7 h3 51.Nb5 Kg7 52.Rd8 h2 53.Rd1 Nd5 54.Rh1 Nb6 55.Nd6 Rxa7 56.Rxh2 Nd5
57.e4 Ra3+ 58.Kg4 Nf6+ 59.Kf5 Ra5+ 60.Ke6 Nxe4 61.Nxe4 Kg6 62.Rg2+ Kh5 63.Nd6 Ra4
64.Rg8  1/2-1/2

[Event "Politiken Cup"]
[Site "Copenhagen DEN"]
[Date "2004.07.24"]
[Round "1"]
[White "Hansen,LB"]
[Black "Preuss,F"]
[Result "1-0"]
[WhiteElo "2572"]
[BlackElo "2044"]

1.d4 Nf6 2.Nf3 e6 3.c4 Bb4+ 4.Bd2 Qe7 5.g3 Nc6 6.Nc3 O-O 7.Bg2 d6 8.O-O Bxc3
9.Bxc3 Ne4 10.Be1 a5 11.Qc2 f5 12.d5 Nd8 13.Nd4 Nc5 14.dxe6 g6 15.Bc3 Ndxe6
16.b3 Bd7 17.Nxe6 Bxe6 18.Bd4 c6 19.Rad1 Rad8 20.Be3 Rfe8 21.Qd2 Qf7 22.Bxc5 dxc5
23.Qxa5 Qe7 24.a4 g5 25.Qc3 Bf7 26.Qc1 h6 27.Rxd8 Rxd8 28.Rd1 Bh5 29.Bf1 Rd4
30.Rxd4 cxd4 31.Qd2 c5 32.a5 Qe5 33.f4 Qe7 34.Kf2 Kg7 35.e3 gxf4 36.exd4 fxg3+
37.hxg3 Qd6 38.Qf4 Qd8 39.Qe5+ Kg6 40.Qxc5 Qe8 41.Qd6+  1-0